| 000 | 00388nam a22001577a 4500 | ||
|---|---|---|---|
| 003 | OSt | ||
| 008 | 220611b ||||| |||| 00| 0 eng d | ||
| 020 | _a9789352866717 | ||
| 082 | _a005.43 STO | ||
| 100 | _aSTALLINGS,William | ||
| 245 | _aOperating Systems : Internals and Design Principles | ||
| 250 | _a9th | ||
| 260 |
_aNew Delhi _bPearson _c2022 |
||
| 300 | _a732 | ||
| 942 |
_2ddc _cBK |
||
| 999 |
_c11320 _d11320 |
||